000 00213nam a2200109Ia 4500
100 _aLINKLETTER ART
942 _cBK
245 _aHOW TO BE A SUPER SALESMAN
260 _b#N/A
546 _aENGLISH
999 _c35097
_d35097